000 00362nam a22001451a 4500
999 _c158835
_d158835
082 _a294.592 2046
_bSMI/R
100 _aSmith W L
245 _aRamayana traditions in eastern India/
_cby Smith W L.
260 _aNew Delhi:
_bMunshiram Manoharlal,
_c1995.
300 _a205p.
650 _aHinduism
650 _aRamayana
650 _aReligion
942 _cBK